000 00350nam a2200133Ia 4500
008 240624s9999 xx 000 0 und d
041 _aeng
082 _a658.3 MAR
100 _aMARATHE SUSHAMA
245 _aATTRITION MANAGEMENT CONCEPTS AND CASES
260 _c2006
_aHyderabad
_bICFAI press
300 _avi, : 192 : p. : cm. ; 23
365 _cRS
_b50
999 _c6365
_d6365